00301nam a2200121Ia 4500008004100000100002100041245003100062260004100093300000800134650001300142942000700155999001700162190216s9999||||xx |||||||||||||| ||und|| aRavindran Manayi 0aVasali Ghavilay Suhrthinne b"Vidharthi Mithram, Kottayam."c1989 a124 aKathakal cBK c28268d28268